| 000 | 01102nam a22003372a 4500 | ||
|---|---|---|---|
| 001 | 32952 | ||
| 003 | BD-RjUL | ||
| 005 | 20211209051924.0 | ||
| 008 | 140429s1962 cau b 001 0 eng d | ||
| 020 | _a0804700478 | ||
| 035 | _aBD-RjUL)33042 | ||
| 040 |
_aDLC _cCSU _dOCL _dEQO _dBD-RjUL _beng |
||
| 041 | _aeng | ||
| 082 | 0 | 4 |
_a159.1 _223 _bPER 1962 |
| 245 | 1 | 0 |
_aPersonality and decision processes : _bstudies in the social psychology of thinking / _c Orville G. Brim, Jr. [and others] |
| 260 |
_aStanford, Calif : _bStanford University Press, _c1962. |
||
| 300 |
_aix, 336 p. ; _c24 cm |
||
| 490 | 0 |
_aStanford studies in sociology ; _v2 |
|
| 504 | _aBibliography: p.[315]-330 and Index | ||
| 650 | 0 |
_aPersonality _9100149 |
|
| 650 | 0 |
_aDecision making _9100150 |
|
| 650 | 0 |
_aThought and thinking _9100151 |
|
| 700 | 1 |
_aBrim, Orville Gilbert, _9100153 |
|
| 700 | 1 |
_aGlass, David C _9100154 |
|
| 700 | 1 |
_aLavin David E _9100155 |
|
| 700 | 1 |
_aGoodman Norman _9100156 |
|
| 830 | 0 |
_v2 _9143351 |
|
| 830 | 0 |
_aStanford studies in sociology ; _9142549 |
|
| 942 |
_2ddc _cBK |
||
| 999 |
_c32952 _d32952 |
||